Word Ladder: Mud Quiz Stats

 Plays Quiz Updated Jul 2, 2019

Score 0/20 Timer 02:00
2 Plays Today
Clue 4-Letter Word % Correct
Parts of the body below the anklesFEET
92.1%
Give food toFEED
91.7%
Grew olderAGED
91.5%
Start of life for a plantSEED
90%
An achievementFEAT
89.1%
Moved fastSPED
84.1%
Informal conversationCHAT
83.6%
Spanish for water; a type of toadAGUA
83.2%
Stiff and sticky material used to make pots and ceramicsCLAY
82.6%
Latin for waterAQUA
82.2%
Clue 4-Letter Word % Correct
Imitated APED
80.8%
Level surfaceFLAT
80.7%
Animal's covering of furCOAT
78.2%
Combustible black rockCOAL
77.6%
Strip skin off a bodyFLAY
76.2%
Root of an Indian herb used to make red dyeCHAY
70.9%
Material wound in the form of a spiralCOIL
63.7%
Brown earthy materialSOIL
62.4%
Malaria or other illness with fever and shiveringAGUE
48.2%
Aside, on one side, awry, off a straight lineAGEE
43.6%

Today's Daily Dose

Missing Word
Sherlocks

Word Ladder
King of the Hill

Quick Pick
Songs in Pink

Get the Picture
NBA Teammates

You're not logged in!

Compare scores with friends on all Sporcle quizzes.
OR
Log In

Sporcle TV

Today on Sporcle TV


Watch our educational content, quiz creation guides, and fun videos on Sporcle TV.

Show Comments

Extras

Top Quizzes Today


Score Distribution

Your Account Isn't Verified!

In order to create a playlist on Sporcle, you need to verify the email address you used during registration. Go to your Sporcle Settings to finish the process.

Report this User

Report this user for behavior that violates our Community Guidelines.

Details: